A nose-gay for the House of Commons. : Made up of the stincking flowers of their seven yeares labours, gathered out of the garden of their new reformation. ... /

Bibliographic Details
Main Author: Mercurius Melancholicus, fl. 1648
Format: eBook
Language:English
Published: [London] : Printed at the signe of, You may goe looke, 1648.
Series:Early English books online.
Subjects:
Online Access:Connect to the full text of this electronic book

MARC

Tag First Indicator Second Indicator Subfields
LEADER 00000nam a2200000 4500
001 in00004286708
005 20200813075253.0
006 m g d
007 cr bn |||a|bb|
008 930324s1648 enk o 00| | eng d
035 |a (UnM)99863146 
037 |a CL0051000003  |b ProQuest Information and Learning. 300 N. Zeeb Rd., Ann Arbor, MI 48106 
040 |a Cu-RivES  |c Cu-RivES  |d CStRLIN  |e dcrb  |d WaOLN 
100 0 |a Mercurius Melancholicus,  |d fl. 1648. 
245 1 2 |a A nose-gay for the House of Commons. :  |b Made up of the stincking flowers of their seven yeares labours, gathered out of the garden of their new reformation. ... /  |c By Mercurius Melancholicus. 
260 |a [London] :  |b Printed at the signe of, You may goe looke,  |c 1648. 
300 |a 1 online resource (8 pages) 
336 |a text  |b txt  |2 rdacontent 
337 |a computer  |b c  |2 rdamedia 
338 |a online resource  |b cr  |2 rdacarrier 
500 |a Partly in verse. 
500 |a Place of publication from Wing. 
500 |a Annotation on Thomason copy: "Aug: 15". 
500 |a Reproduction of the original in the British Library. 
510 4 |a Wing (2nd edition)  |c N1387. 
510 4 |a Thomason  |c E.458[22]. 
533 |a Electronic reproduction.  |b Ann Arbor, Mich. :  |c UMI,  |d 1999-  |f (Early English books online)  |n Digital version of: (Thomason Tracts ; 73:E458[22])  |7 s1999 miun s 
610 1 0 |a England and Wales.  |b Parliament.  |b House of Commons  |v Early works to 1800. 
651 4 |a Great Britain  |x History  |y Commonwealth and Protectorate, 1649-1660  |v Early works to 1800. 
830 0 |a Early English books online. 
856 4 0 |u http://proxy.library.tamu.edu/login?url=https://search.proquest.com/docview/2240935515  |z Connect to the full text of this electronic book  |t 0 
999 f f |s 50d64069-6034-3315-b742-8a1e11415c81  |i 93ce8de4-7232-3e99-a764-9487c490088e  |t 0 
952 f f |a Texas A&M University  |b College Station  |c Electronic Resources  |d Available Online  |t 0  |h No information provided 
998 f f |t 0  |l Available Online